000 01280nam a2200325 a 4500
001 000007137
003 DO-SdBNP
005 20240315083821.0
007 000007137
008 090717s2002016 mx 001 0 spa d
020 _z97860737208
040 _aBPMSU
_bspa
_cBPMSU
082 4 _a079.72
_bB959r 2016
_222
100 1 _aBurkholder de la Rosa, Arno.
_d
245 1 3 _aLa red de los espejos :
_buna historia del diario Excélsior, 1916-1976 /
_cArno Burkholder.
260 _aMéxico :
_bFondo de Cultura Económica,
_c2016
300 _a187 p. ;
_c23 cm.
_b
490 0 _aColección comunicación
500 _aIncluye datos biográficos del autor en la solapa de la cubierta
500 _aIncluye referencias bibliográficas y notas al pie de las páginas
504 _aBibliografía (páginas 179-187)
534 _pTítulo original :The politics of gay marriage in Latin America. Argentina, Chile and México.
590 _aInventariado, 2024/VM
650 4 _aExcélsior (Periódico)
_xHistoria
_y1916-1976.
650 4 _aPeriódicos mexicanos
_xHistoria
_y1916-1976.
650 4 _aRevistas mexicanas
_xHistoria
_y1916-1976.
_z
710 2 _aFondo de Cultura Económica (México)
910 _aVMateo V. Control de calidad BPMSU
942 _2ddc
_cBK
999 _c14597
_d14597